000 00228nam a2200097Ia 4500
008 190216s9999||||xx |||||||||||||| ||und||
100 _aKadavoor G Chandran Pillai
245 0 _aShanthamakatha Kadal
260 _bNull
942 _cBK
999 _c24698
_d24698